The politics of God and the politics of man / (Record no. 644)

000 -LEADER
fixed length control field 00688cam a2200217 4500
001 - CONTROL NUMBER
control field 2710005
003 - CONTROL NUMBER IDENTIFIER
control field OSt
005 - DATE AND TIME OF LATEST TRANSACTION
control field 20140116120834.0
008 - FIXED-LENGTH DATA ELEMENTS--GENERAL INFORMATION
fixed length control field 720607s1972 miu 000 0ceng
020 ## - INTERNATIONAL STANDARD BOOK NUMBER
International Standard Book Number 9780802814425
040 ## - CATALOGING SOURCE
Transcribing agency DLC
050 00 - LIBRARY OF CONGRESS CALL NUMBER
Classification number BS1335.4.E45 1972
100 1# - MAIN ENTRY--PERSONAL NAME
Personal name Ellul, Jacques,
Dates associated with a name 1912-1994.
245 14 - TITLE STATEMENT
Title The politics of God and the politics of man /
Statement of responsibility, etc Jacques Ellul .
260 ## - PUBLICATION, DISTRIBUTION, ETC. (IMPRINT)
Place of publication, distribution, etc Grand Rapids, Mich.,
Name of publisher, distributor, etc William B. Eerdmans Publishing company ,
Date of publication, distribution, etc 1972.
300 ## - PHYSICAL DESCRIPTION
Extent 199 p.
511 ## - PARTICIPANT OR PERFORMER NOTE
Participant or performer note Translated and edited by Geoffrey W. Bromiley.
630 00 - SUBJECT ADDED ENTRY--UNIFORM TITLE
Uniform title Bible.
Name of part/section of a work O.T.
-- Kings, 2nd
General subdivision Biography.
906 ## - LOCAL DATA ELEMENT F, LDF (RLIN)
a 7
b cbc
c orignew
d 2
e ncip
f 19
g y-gencatlg
942 ## - ADDED ENTRY ELEMENTS (KOHA)
Source of classification or shelving scheme
Koha item type Book
Holdings
Withdrawn status Lost status Source of classification or shelving scheme Damaged status Not for loan Home library Current library Date acquired Source of acquisition Total Checkouts Total Renewals Full call number Barcode Date last seen Date checked out Copy number Price effective from Koha item type
          Riara University Library Riara University Library 25/10/2011 Purchase 5 2 BS1335.4.E45 1972 2319/11 13/02/2024 10/01/2024 C.1 25/10/2011 Book
          Riara University Library Riara University Library 25/10/2011 Purchase     BS1335.4.E45 1972 2320/11 25/10/2011   C.2 25/10/2011 Book
          Riara University Library Riara University Library 25/10/2011 Purchase 1   BS1335.4.E45 1972 2321/11 08/04/2013 22/03/2013 C.3 25/10/2011 Book

Riara University Library,
P.O. Box 49940-00100,
Nairobi, Kenya.